| 000 | 00493nam a22001937a 4500 | ||
|---|---|---|---|
| 003 | OSt | ||
| 005 | 20240601122652.0 | ||
| 008 | 240601b |||||||| |||| 00| 0 eng d | ||
| 020 | _a0486606422 | ||
| 040 | _cDDC | ||
| 082 | _a535 JOH 1960. | ||
| 100 | _4Johnson B.K, | ||
| 245 | _aOptics And Optical Instrument. | ||
| 260 |
_aNew York, _bDover Publications, _c1960. |
||
| 300 |
_aviii,224p, _bill, _c20.2cm. |
||
| 504 | _aAppendix,index. | ||
| 600 |
_dPhysics. _916995 |
||
| 942 |
_2ddc _cO_SHELF |
||
| 999 |
_c8349 _d8349 |
||